The four translation New Testament : (Record no. 2432)

MARC details
000 -LEADER
fixed length control field 00926cam a2200241Ia 4500
001 - CONTROL NUMBER
control field 16328
003 - CONTROL NUMBER IDENTIFIER
control field GBCCL
005 - DATE AND TIME OF LATEST TRANSACTION
control field 20251203113507.0
008 - FIXED-LENGTH DATA ELEMENTS--GENERAL INFORMATION
fixed length control field 820106s1966 nyu 000 0 eng d
035 ## - SYSTEM CONTROL NUMBER
System control number (OCoLC)08044233
040 ## - CATALOGING SOURCE
Original cataloging agency MBE
Transcribing agency MBE
Modifying agency OCL
-- DMM
-- FJK
-- OCL
-- LBB
082 ## - DEWEY DECIMAL CLASSIFICATION NUMBER
Classification number 225.52
Item number BIB
090 ## - LOCALLY ASSIGNED LC-TYPE CALL NUMBER (OCLC); LOCAL CALL NUMBER (RLIN)
Classification number (OCLC) (R) ; Classification number, CALL (RLIN) (NR) BS2025
Local cutter number (OCLC) ; Book number/undivided call number, CALL (RLIN) 1966 .I9
092 0# - LOCALLY ASSIGNED DEWEY CALL NUMBER (OCLC)
Classification number 225.52
Item number F773, 1966b
Edition number 20
245 14 - TITLE STATEMENT
Title The four translation New Testament :
Remainder of title King James ; New American Standard Bible ; Williams, in the language of the people ; Beck, in the language of today.
250 ## - EDITION STATEMENT
Edition statement Parallel ed.
260 ## - PUBLICATION, DISTRIBUTION, ETC.
Place of publication, distribution, etc. Minneapolis :
Name of publisher, distributor, etc. World wide publications,
Date of publication, distribution, etc. 1966.
300 ## - PHYSICAL DESCRIPTION
Extent xxviii, 739 p. ;
Dimensions 24 cm.
630 00 - SUBJECT ADDED ENTRY--UNIFORM TITLE
Uniform title Bible.
Name of part/section of a work N.T.
Language of a work English
General subdivision Versions.
9 (RLIN) 5030
700 10 - ADDED ENTRY--PERSONAL NAME
Personal name Williams, Charles Bray,
Dates associated with a name 1869- .
Title of a work The New Testament in the language of the people.
9 (RLIN) 5031
700 10 - ADDED ENTRY--PERSONAL NAME
Personal name Beck, William F.
Title of a work New Testament in the language of today.
9 (RLIN) 5032
942 ## - ADDED ENTRY ELEMENTS (KOHA)
Source of classification or shelving scheme Dewey Decimal Classification
Koha item type Reference Books
Holdings
Withdrawn status Lost status Source of classification or shelving scheme Damaged status Not for loan Home library Current Library Shelving location Date acquired Total checkouts Full call number Barcode Date last seen Copy number Price effective from Koha item type
    Dewey Decimal Classification     GRACE BIBLE COLLEGE GRACE BIBLE COLLEGE Bible 2017-08-14   225.52 BIB 007896 2025-05-01 c.2 2017-08-14 Reference Books
    Dewey Decimal Classification     GRACE BIBLE COLLEGE GRACE BIBLE COLLEGE Bible 2017-08-16   225.52 BIB 007468 2025-05-01 c.1 2017-08-16 Reference Books
    Dewey Decimal Classification     GRACE BIBLE COLLEGE GRACE BIBLE COLLEGE Bible 2018-03-01   225.52 BIB 007471 2025-05-01 c.3 2018-03-01 Reference Books
    Dewey Decimal Classification     GRACE BIBLE COLLEGE GRACE BIBLE COLLEGE Bible 2018-06-29   225.52 BIB 008638 2025-05-01 c.4 2018-06-29 Reference Books
© Grace Bible College Library 2025